000 00697nam a2200205 i 4500
001 64795
003 ES-MaACL
005 20250704063112.0
007 t|
008 040105s1913 fr ||||1| fre d
080 _a113(04)
100 1 _aFouillée, Alfred,
_d1838-1912
_951939
245 1 0 _aEsquisse d'une interprétation du monde /
_cpar Alfred Fouillée ; d'aprés les manuscrits de l'auteur revus et mis en ordre par Emile Boirac.
260 _aParís :
_bFélix Alcan,
_c1913 (
_eSaint-Cloud :
_fBelin Grères)
300 _aLXVI, 417 p. ;
_c23 cm.
650 0 4 _aCosmología.
_911389
700 1 _aBoirac, Emile.
_929854
852 _aES-MaACL
_jB-6393
999 _c64795
_d64795